| 000 | 01158nam a2200313 i 4500 | ||
|---|---|---|---|
| 001 | 197907 | ||
| 003 | ES-MaACL | ||
| 005 | 20251103145118.0 | ||
| 007 | ta | ||
| 008 | 250611e1951 sp a|||| |||| 001 1 spa d | ||
| 040 |
_aES-MaACL _bspa _cES-MaACL _erda |
||
| 080 | _a821.134.2-341"19" | ||
| 245 | 0 | 0 |
_aMiscelánea : _bfragmentos humorísticos de los famosos artículos que "DESPERDICIOS" publica en "La Gaceta del Norte" / _cseleccionados por MAR |
| 264 | 1 |
_aBilbao : _bEl Mensajero del Corazón de Jesús, _c1951 |
|
| 300 |
_a64 páginas : _bilustraciones ; _c17 cm. |
||
| 336 |
_2rdacontent _atexto |
||
| 337 |
_2rdamedia _asin mediación |
||
| 338 |
_2rdacarrier _avolumen |
||
| 490 | 0 |
_aDe broma y de veras ; _vnúmero 462 |
|
| 500 | _aÍndice | ||
| 655 | 4 |
_9234752 _aMisceláneas |
|
| 710 | 1 |
_9242445 _aEl Mensajero del Corazón de Jesús |
|
| 852 |
_aES-MaACL _cDEPO1 _jA-15601(4) _hDonación: José Lázaro García _xHolandesa _9206872 |
||
| 903 |
_9234219 _aLázaro García, José _ednr |
||
| 942 |
_n0 _cMONOGRAFIA |
||
| 999 |
_c197907 _d197907 |
||